000 00650cab a2200217 4500
001 WB3237-18
008 090401t1996 xxu||||| |||| 00| 0 eng d
035 _a(Sirsi) u13651
041 _aeng
245 _aInstitutions make their comeback
260 _c1996
350 _a0
490 _aDaily Telegraph
_v30 September 1996, 27(1)
520 _aGovernment figures show that institutions made a net investment in property in the second quarter of 1996 of £113 bn.
650 _aINSTITUTIONS
650 _aINVESTMENT
650 _aPROPERTY MARKET
690 _aPROPERTY-PROPERTY FINANCE AND INVESTMENT
942 _n0
948 _c04/03/1997
999 _c8788
_d8788